Štart do nových dimenzií
Obchod spotrebných družstiev na Slovensku. Spotrebné družstvá podľa počtu maloobchodných jednotiek a dosiahnutého obratu v roku 1998 podľa krajov. Rozvoj v obchodnom systéme spotrebných družstiev v minulom roku. Sústredenie družstevného obchodu na vidiek. Najvyššie dosiahnuté veľkoobchodné a maloobc...
Guardado en:
| Formato: | Capítulo de libro |
|---|---|
| Lenguaje: | eslovaco |
| Materias: | |
| Etiquetas: |
Sin Etiquetas, Sea el primero en etiquetar este registro!
|
MARC
| LEADER | 00000naa a2200000 4500 | ||
|---|---|---|---|
| 001 | r034430 | ||
| 005 | 20230727094916.5 | ||
| 041 | 0 | |a slo | |
| 044 | |a CZ | ||
| 245 | 1 | 0 | |a Štart do nových dimenzií |
| 520 | |a Obchod spotrebných družstiev na Slovensku. Spotrebné družstvá podľa počtu maloobchodných jednotiek a dosiahnutého obratu v roku 1998 podľa krajov. Rozvoj v obchodnom systéme spotrebných družstiev v minulom roku. Sústredenie družstevného obchodu na vidiek. Najvyššie dosiahnuté veľkoobchodné a maloobchodné obraty SD v jednotlivých mestách. Predsavzatia slovenských spotrebných družstiev do budúcnosti. | ||
| 610 | 2 | 0 | |a družstvá spotrebné |
| 610 | 2 | 0 | |a obchod družstevný |
| 610 | 2 | 0 | |a maloobchod |
| 610 | 2 | 0 | |a veľkoobchod |
| 610 | 2 | 0 | |a obrat maloobchodný |
| 610 | 2 | 0 | |a obrat veľkoobchodný |
| 610 | 2 | 0 | |a supermarkety |
| 610 | 2 | 0 | |a vidiek |
| 610 | 2 | 0 | |a predajne |
| 610 | 2 | 0 | |a potraviny |
| 610 | 2 | 0 | |a predmety spotreby dennej |
| 610 | 2 | 0 | |a Slovensko |
| 610 | 2 | 0 | |a 1998 |